[Event "Arandjelovac op 2nd"]
[Site "Arandjelovac"]
[Date "2023.08.01"]
[Round "2"]
[White "Ashvath, Mittal"]
[Black "Pavicevic, Jovan R"]
[Result "0-1"]
[WhiteElo "1854"]
[BlackElo "2208"]
[PlyCount "110"]
[EventDate "2023.07.31"]
[EventType "swiss"]
[EventRounds "9"]
[EventCountry "SRB"]
[SourceTitle "CBM 215 Extra"]
[Source "ChessBase"]
[SourceDate "2023.09.30"]
[SourceVersion "1"]
[SourceVersionDate "2023.09.30"]
[SourceQuality "1"]

1. e4 e6 2. d4 d5 3. e5 c5 4. c3 Nc6 5. Nf3 Qb6 6. a3 f6 7. Bd3 c4 8. Bc2 fxe5 9. Nxe5 Nxe5 10. dxe5 Nh6 11. 0-0 Nf7 12. Nd2 Bd7 13. Nf3 g6 14. Rb1 Bg7 15. Re1 0-0 16. Be3 Qc7 17. Bd4 Nh6 18. h3 Nf5 19. Bxf5 Rxf5 20. Qe2 Raf8 21. Qe3 b6 22. Re2 Rxf3 23. gxf3 Qd8 24. Kh1 Qh4 25. f4 Qh5 26. Rg1 Rxf4 27. Qxf4 Qxh3+ 28. Qh2 Qf3+ 29. Qg2 Qh5+ 30. Qh2 Qxe2 31. f4 Qe4+ 32. Rg2 Qf5 33. Qh4 Ba4 34. Qg4 Bc2 35. Qxf5 Bxf5 36. Kg1 Bh6 37. Be3 Bf8 38. Kf2 Bc5 39. Rh2 h5 40. Ke2 Kf7 41. Bf2 Ke8 42. Kd2 Kd7 43. Bd4 Kc6 44. a4 Be4 45. Ke3 Kb7 46. a5 Ka6 47. axb6 axb6 48. Kf2 Bxd4+ 49. cxd4 b5 50. Rh3 b4 51. Re3 Bf5 52. Re1 Kb5 53. Ra1 c3 54. Ra2 c2 55. Ra1 Kc4 0-1

[Event "Arandjelovac op 2nd"]
[Site "Arandjelovac"]
[Date "2023.07.31"]
[Round "1"]
[White "Md Imran"]
[Black "Ashvath, Mittal"]
[Result "1/2-1/2"]
[WhiteElo "2197"]
[BlackElo "1854"]
[PlyCount "88"]
[EventDate "2023.07.31"]
[EventType "swiss"]
[EventRounds "9"]
[EventCountry "SRB"]
[SourceTitle "CBM 215 Extra"]
[Source "ChessBase"]
[SourceDate "2023.09.30"]
[SourceVersion "1"]
[SourceVersionDate "2023.09.30"]
[SourceQuality "1"]

1. Nf3 d5 2. d4 Nf6 3. Bf4 c5 4. e3 Nc6 5. Nbd2 Qb6 6. dxc5 Qxb2 7. Rb1 Qc3 8. Bb5 e6 9. 0-0 Be7 10. Nb3 0-0 11. Qd3 Ne4 12. Bxc6 bxc6 13. Ne5 Bf6 14. Nxc6 Bd7 15. Ncd4 Qxd3 16. cxd3 Nc3 17. Bd6 Nxb1 18. Bxf8 Nc3 19. Bd6 Ba4 20. f4 Nxa2 21. c6 Bxb3 22. Nxb3 Rc8 23. c7 Nc3 24. f5 Nb5 25. Bg3 Bg5 26. Kf2 exf5 27. Ra1 f4 28. exf4 Bf6 29. Ra5 Nxc7 30. f5 g6 31. Bxc7 Rxc7 32. Rxd5 Rc3 33. Na5 Kf8 34. Nc4 Ke7 35. Ke3 Rc2 36. Kf3 Bc3 37. Rb5 Bd4 38. Rb7+ Kf6 39. Rd7 Bc5 40. Rd5 Bb4 41. Ne3 Rc6 42. Rb5 Bd6 43. Nd5+ Kg5 44. fxg6 Kxg6 1/2-1/2

[Event "Belgrade Serbia op"]
[Site "Belgrade"]
[Date "2023.07.17"]
[Round "2"]
[White "Dumbelovic, Novak"]
[Black "Ashvath, Mittal"]
[Result "1-0"]
[WhiteElo "2044"]
[BlackElo "1768"]
[PlyCount "125"]
[EventDate "2023.07.16"]
[EventType "swiss"]
[EventRounds "9"]
[EventCountry "SRB"]
[SourceTitle "CBM 215 Extra"]
[Source "ChessBase"]
[SourceDate "2023.09.30"]
[SourceVersion "1"]
[SourceVersionDate "2023.09.30"]
[SourceQuality "1"]

1. e4 c5 2. Nf3 d6 3. d4 cxd4 4. Nxd4 Nf6 5. Nc3 a6 6. Rg1 e5 7. Nb3 h5 8. h3 h4 9. Be3 Be6 10. Qd2 Be7 11. 0-0-0 Nbd7 12. Kb1 b5 13. f4 Rb8 14. Qe1 Qc7 15. Nd5 Bxd5 16. exd5 Rc8 17. c3 exf4 18. Bxf4 Nb6 19. Nd4 Nfxd5 20. Bxb5+ Kf8 21. Rf1 Nxf4 22. Rxf4 Bf6 23. Bd3 Re8 24. Re4 Rxe4 25. Qxe4 Rh5 26. Bxa6 Nd5 27. Bb5 Re5 28. Qd3 Qb6 29. a4 Qc5 30. Nf3 Rh5 31. Re1 g6 32. Qc4 Qxc4 33. Bxc4 Nf4 34. Bf1 Ra5 35. Re4 g5 36. Kc2 Kg7 37. Nxh4 d5 38. Rb4 d4 39. Nf3 Nd5 40. Rb5 Ne3+ 41. Kb3 Ra7 42. Bd3 dxc3 43. bxc3 Rd7 44. Bc2 Rc7 45. Ne5 Re7 46. Nc4 Rc7 47. Bd3 Nd1 48. Rb6 Bxc3 49. Be2 Bd4 50. Bxd1 Bxb6 51. Nxb6 Rc5 52. Nc4 Kf6 53. Kb4 Rd5 54. Bf3 Rd7 55. a5 Rc7 56. Kb5 Kf5 57. a6 Kf4 58. Nd6 f5 59. Nb7 g4 60. hxg4 fxg4 61. Bc6 Ke5 62. a7 Rc8 63. Na5 1-0

[Event "Dubai op-B 23rd"]
[Site "Dubai"]
[Date "2023.05.31"]
[Round "5"]
[White "Ashvath, Mittal"]
[Black "Sultan, Ibrahim"]
[Result "0-1"]
[WhiteElo "1681"]
[BlackElo "2040"]
[PlyCount "226"]
[EventDate "2023.05.27"]
[EventType "swiss"]
[EventRounds "9"]
[EventCountry "UAE"]
[SourceTitle "CBM 214 Extra"]
[Source "ChessBase"]
[SourceDate "2023.07.31"]
[SourceVersion "1"]
[SourceVersionDate "2023.07.31"]
[SourceQuality "1"]

1. e4 e5 2. Nf3 Nc6 3. Bc4 Nf6 4. d3 Bc5 5. c3 a5 6. 0-0 h6 7. Re1 d6 8. a4 0-0 9. h3 Be6 10. Nbd2 Qe7 11. Nf1 Nxe4 12. Rxe4 d5 13. Bxd5 Bxd5 14. Re1 Rae8 15. Be3 Bd6 16. Ng3 f5 17. Nf1 Qf7 18. c4 Bxf3 19. Qxf3 f4 20. Bd2 Nd4 21. Qd1 f3 22. g3 Qf5 23. Kh2 Qxd3 24. Rc1 Qe2 25. Be3 Qxd1 26. Rexd1 Bc5 27. Nd2 Ne6 28. Re1 Bb4 29. Red1 Nc5 30. Bxc5 Bxc5 31. Ne4 Bd4 32. Rd2 g5 33. b3 Re6 34. Rd3 Rb6 35. g4 Rf4 36. Re1 Rb4 37. Kg3 c6 38. Nd2 b5 39. axb5 cxb5 40. cxb5 Rxb5 41. Re4 Rf7 42. Nxf3 Bb6 43. Kg2 Rf4 44. Rxf4 exf4 45. Nd2 Bc7 46. Nc4 Rc5 47. Rd4 Kf7 48. Nxa5 f3+ 49. Kxf3 Rc3+ 50. Kg2 Bxa5 51. Rd6 Rxb3 52. Rxh6 Kg7 53. Ra6 Bb6 54. Ra2 Kf6 55. Rc2 Ke5 56. Re2+ Kd5 57. Re8 Bc5 58. Rg8 Be7 59. Rg7 Ke6 60. Rg8 Rc3 61. Ra8 Rc2 62. Ra6+ Kf7 63. Ra7 Kf6 64. Ra6+ Kf7 65. Ra7 Ke6 66. Ra6+ Bd6 67. Rb6 Ke7 68. Rb3 Bf4 69. Rb5 Ke6 70. Rf5 Rc4 71. Kf3 Bc1 72. Kg3 Re4 73. h4 gxh4+ 74. Kxh4 Rc4 75. Kg3 Rc3+ 76. Rf3 Rc2 77. Rf5 Ba3 78. Rf3 Bd6+ 79. Kg2 Ke5 80. Rf5+ Ke4 81. Rf3 Bf4 82. Ra3 Be5 83. Rf3 Bf4 84. Ra3 Bd6 85. Rf3 Rc8 86. Rf6 Be5 87. Rf5 Bd6 88. Rf6 Bb8 89. Rf5 Rg8 90. Kh3 Bf4 91. Rf7 Kf3 92. Rf5 Rxg4 93. Ra5 Rg6 94. Ra3+ Kxf2 95. Ra2+ Kf3 96. Ra3+ Be3 97. Ra4 Rg7 98. Rb4 Rg1 99. Rb2 Rd1 100. Ra2 Bc1 101. Rg2 Rh1+ 102. Rh2 Rg1 103. Rc2 Rg6 104. Rc4 Bf4 105. Rc3+ Be3 106. Rc4 Rg1 107. Rc2 Rg3+ 108. Kh2 Rg6 109. Kh1 Rd6 110. Rg2 Rd1+ 111. Kh2 Bf4+ 112. Kh3 Rh1+ 113. Rh2 Rxh2# 0-1

[Event "IND-ch U15 47th"]
[Site "New Delhi"]
[Date "2022.11.29"]
[Round "2"]
[White "Chaudhari, Ashish"]
[Black "Ashvath, Mittal"]
[Result "1-0"]
[WhiteElo "1440"]
[BlackElo "1748"]
[PlyCount "103"]
[EventDate "2022.11.28"]
[EventType "swiss"]
[EventRounds "11"]
[EventCountry "IND"]
[SourceTitle "CBM 211 Extra"]
[Source "ChessBase"]
[SourceDate "2023.01.31"]
[SourceVersion "1"]
[SourceVersionDate "2023.01.31"]
[SourceQuality "1"]

1. d4 Nf6 2. c4 e6 3. Nf3 d5 4. cxd5 exd5 5. Nc3 Be7 6. Bg5 0-0 7. e3 c6 8. Bd3 h6 9. Bh4 Re8 10. Qc2 Nbd7 11. 0-0 b6 12. Rfd1 Bb7 13. a3 Rc8 14. b4 Nh5 15. Bxe7 Qxe7 16. Bf5 Nhf6 17. Ne5 Rcd8 18. Nxd7 Nxd7 19. Bxd7 Qxd7 20. a4 Ba6 21. b5 cxb5 22. axb5 Bxb5 23. Nxb5 Qxb5 24. Rxa7 Rc8 25. Qf5 Rf8 26. Rxf7 Rxf7 27. Qxc8+ Rf8 28. Qc2 Qc4 29. Qb2 b5 30. Rb1 Rb8 31. Qb4 Rc8 32. h3 Qxb4 33. Rxb4 Rb8 34. Kf1 Kf7 35. Ke2 Ke6 36. Kd3 Kd6 37. Rb1 b4 38. Kc2 Kc6 39. Kb3 Kb5 40. Rc1 Rf8 41. f3 Re8 42. Rc5+ Kb6 43. Kxb4 Rxe3 44. Rxd5 Re2 45. Rd6+ Kc7 46. Rg6 Re7 47. Kc5 Rf7 48. d5 Rd7 49. Rc6+ Kb7 50. d6 Rf7 51. Rb6+ Kc8 52. Kc6 1-0

[Event "Bikaner op 1st"]
[Site "Bikaner"]
[Date "2022.10.05"]
[Round "6"]
[White "Arun, Kataria"]
[Black "Ashvath, Mittal"]
[Result "1-0"]
[WhiteElo "1951"]
[BlackElo "1672"]
[PlyCount "93"]
[EventDate "2022.10.01"]
[EventType "swiss"]
[EventRounds "10"]
[EventCountry "IND"]
[SourceTitle "CBM 210 Extra"]
[Source "ChessBase"]
[SourceDate "2022.11.30"]
[SourceVersion "1"]
[SourceVersionDate "2022.11.30"]
[SourceQuality "1"]

1. e4 c5 2. Nf3 d6 3. d4 cxd4 4. Nxd4 Nf6 5. Nc3 a6 6. Bg5 e6 7. f4 Be7 8. Qf3 Qc7 9. 0-0-0 Nbd7 10. g4 h6 11. Bxf6 Bxf6 12. h4 Nb6 13. g5 Bxd4 14. Rxd4 Qc5 15. Qf2 hxg5 16. fxg5 e5 17. Rd2 Qxf2 18. Rxf2 g6 19. Bh3 Ke7 20. Bxc8 Raxc8 21. Rf3 Rh7 22. a4 a5 23. b3 Rch8 24. Rhf1 Rf8 25. Rh1 Rfh8 26. Rfh3 Rh5 27. Kd2 f6 28. gxf6+ Kxf6 29. Nb5 Ke7 30. Rc3 Rxh4 31. Rc7+ Nd7 32. Rg1 Rg8 33. Rxb7 Rxe4 34. Rh1 Rg7 35. Rh8 g5 36. Ra8 g4 37. Rxd7+ Kxd7 38. Ra7+ Ke6 39. Rxg7 Kf6 40. Rg8 Rf4 41. Ke2 Kf7 42. Rh8 g3 43. Nxd6+ Ke6 44. Rh6+ Kd5 45. Nc4 Rf2+ 46. Ke1 Rxc2 47. Ne3+ 1-0

[Event "Chennai op 13th"]
[Site "Chennai"]
[Date "2022.06.23"]
[Round "7"]
[White "Aaryan, Varshney"]
[Black "Ashvath, Mittal"]
[Result "1-0"]
[WhiteElo "2295"]
[BlackElo "1605"]
[PlyCount "87"]
[EventDate "2022.06.19"]
[EventType "swiss"]
[EventRounds "10"]
[EventCountry "IND"]
[SourceTitle "CBM 209 Extra"]
[Source "ChessBase"]
[SourceDate "2022.09.30"]
[SourceVersion "1"]
[SourceVersionDate "2022.09.30"]
[SourceQuality "1"]

1. d4 Nf6 2. c4 e6 3. Nf3 d5 4. Bg5 Be7 5. Nc3 0-0 6. e3 c6 7. Bd3 dxc4 8. Bxc4 b5 9. Bd3 Nbd7 10. 0-0 a6 11. a4 Bb7 12. Rc1 h6 13. Bh4 b4 14. Bxf6 Nxf6 15. Ne4 Nd7 16. Qe2 Qa5 17. Nfd2 c5 18. dxc5 Bxe4 19. Bxe4 Rac8 20. c6 Nc5 21. Nc4 Qc7 22. Bf3 Nxa4 23. Ra1 Nc5 24. Na5 e5 25. Qc4 Rb8 26. Nb3 Nxb3 27. Qxb3 a5 28. Rfd1 Rfd8 29. Bd5 Bc5 30. Qc4 Bb6 31. Rd3 Qe7 32. g3 Kf8 33. b3 Rbc8 34. Rad1 Bc7 35. Qg4 g6 36. Kg2 h5 37. Qc4 f5 38. Be6 Rxd3 39. Rxd3 Rd8 40. Bd7 e4 41. Rd5 h4 42. Qd4 Qg7 43. Qa7 h3+ 44. Kxh3 1-0